Krkonošský národní park a ekologické problémy rekreace 1 obsahová analýza výstrišků-empirická studie V 2B - 1.část

Gespeichert in:
Bibliographische Detailangaben
1. Verfasser: Kabele, Jiří
Format: Buch
Sprache:Tschechisch
Veröffentlicht: Praha Ústav pro výzkum kultury 1979
Tags: Tag hinzufügen
Keine Tags, Fügen Sie das erste Tag hinzu!

MARC

LEADER 00000nam a2200000 4500
001 0222939
005 20240822101702.5
041 0 |a cze 
044 |a CZ 
245 1 0 |a Krkonošský národní park a ekologické problémy rekreace 1  |b obsahová analýza výstrišků-empirická studie V 2B - 1.část  |c Jiří Kabele 
264 1 |a Praha  |b Ústav pro výzkum kultury  |c 1979 
300 |a 44 s. 
100 1 |a Kabele, Jiří